| 000 | 01025nam a2200229 a 4500 | ||
|---|---|---|---|
| 001 | 79613 | ||
| 003 | BD-RjUL | ||
| 005 | 20220324163736.0 | ||
| 008 | 220324s2000 bg ||||| |||| 00| 0 ben d | ||
| 035 | _a(BD-RjUL)79613 | ||
| 040 |
_aBD-RjUL _beng _cBD-RjUL |
||
| 041 | _aben | ||
| 082 |
_223 _a350 _bBHL 2000 |
||
| 100 |
_aভূঁইয়া, মোহাম্মদ আবদুল ওদুদ _92048 |
||
| 245 | 1 | 0 |
_aলোক প্রশাসনের রুপরেখা / _cমোহাম্মদ আবদুল ওদুদ ভূঁইয়া |
| 250 | _a৪র্থ পরিবর্তিত, পরিমার্জিত ও পরিবর্ধিত সং. | ||
| 260 |
_aঢাকা : _bগ্লোব লাইব্রেরী (প্রা:) লিমিটেড, _c১৯৯৮ [পুনর্মুদ্রণ ২০০০] |
||
| 300 |
_a৩৩৬ পৃ.; _c২৪ সেমি. |
||
| 650 |
_aলোকশাসন _92049 |
||
| 650 | _aPublic administration | ||
| 942 |
_2ddc _cBK |
||
| 999 |
_c79613 _d79613 |
||